| 000 | 00380nam a2200145Ia 4500 | ||
|---|---|---|---|
| 008 | 230917s9999||||xx |||||||||||||| ||und|| | ||
| 040 |
_e152748 _aMAIN |
||
| 041 | _aEnglish | ||
| 082 | _a294.12 T543R | ||
| 100 | _aTiwari, Shashi | ||
| 245 | 0 | _aRig Veda apoisukta; adhyayan aur vyakhya | |
| 260 |
_aVaranshi _bBharatiya Vidya Prakashan _c1981 |
||
| 300 | _a344 p. | ||
| 942 | _cBK | ||
| 999 |
_c230371 _d230371 |
||